<?xml version="1.0" encoding="UTF-8"?>
<record
    xmlns:xsi="http://www.w3.org/2001/XMLSchema-instance"
    xsi:schemaLocation="http://www.loc.gov/MARC21/slim http://www.loc.gov/standards/marcxml/schema/MARC21slim.xsd"
    xmlns="http://www.loc.gov/MARC21/slim">

  <leader>00670nam a22001337a 4500</leader>
  <datafield tag="040" ind1=" " ind2=" ">
    <subfield code="c">RUA</subfield>
  </datafield>
  <datafield tag="082" ind1=" " ind2=" ">
    <subfield code="a">AED KON 2018 B650 Or.1 </subfield>
  </datafield>
  <datafield tag="100" ind1=" " ind2=" ">
    <subfield code="a">KONG NAROTH &#x1782;&#x1784;&#x17CB; &#x178E;&#x17B6;&#x179A;&#x17C9;&#x17BC;&#x178F;</subfield>
  </datafield>
  <datafield tag="245" ind1=" " ind2=" ">
    <subfield code="a">the study on keo lomeat mango marketing in peamouknhaong commune lvea em dristric, kandal province &#x1780;&#x17B6;&#x179A;&#x179F;&#x17B7;&#x1780;&#x17D2;&#x179F;&#x17B6;&#x179A;&#x17A2;&#x17C6;&#x1796;&#x17B8;&#x1794;&#x178E;&#x17D2;&#x178F;&#x17B6;&#x1789;&#x1791;&#x17B8;&#x1795;&#x17D2;&#x179F;&#x17B6;&#x179A;&#x1795;&#x179B;&#x17B7;&#x178F;&#x1795;&#x179B;&#x179F;&#x17D2;&#x179C;&#x17B6;&#x1799;&#x1780;&#x17C2;&#x179C;&#x179B;&#x17D2;&#x1798;&#x17C0;&#x1799;&#x1793;&#x17C5;&#x1783;&#x17BB;&#x17C6;&#x1796;&#x17B6;&#x1798;&#x17A7;&#x1780;&#x1789;&#x17D2;&#x1789;&#x17C9;&#x17B6;&#x17A2;&#x17BB;&#x1784; &#x179F;&#x17D2;&#x179A;&#x17BB;&#x1780;&#x179B;&#x17D2;&#x179C;&#x17B6;&#x17AF;&#x1798; &#x1781;&#x17C1;&#x178F;&#x17D2;&#x178F;&#x1780;&#x178E;&#x17D2;&#x178F;&#x17B6;&#x179B; </subfield>
  </datafield>
  <datafield tag="260" ind1=" " ind2=" ">
    <subfield code="a">RUA</subfield>
    <subfield code="b">Phnom penh</subfield>
    <subfield code="c">2018</subfield>
  </datafield>
  <datafield tag="300" ind1=" " ind2=" ">
    <subfield code="a">xi;49p</subfield>
    <subfield code="b">ill;</subfield>
    <subfield code="c">29cm</subfield>
  </datafield>
  <datafield tag="856" ind1=" " ind2=" ">
    <subfield code="u">KONG NAROTH</subfield>
  </datafield>
  <datafield tag="942" ind1=" " ind2=" ">
    <subfield code="c">AED</subfield>
  </datafield>
  <datafield tag="999" ind1=" " ind2=" ">
    <subfield code="c">18350</subfield>
    <subfield code="d">18350</subfield>
  </datafield>
  <datafield tag="952" ind1=" " ind2=" ">
    <subfield code="0">0</subfield>
    <subfield code="1">0</subfield>
    <subfield code="2">ddc</subfield>
    <subfield code="4">0</subfield>
    <subfield code="6">AED_KON_2018_000000000000000_B650_OR_1</subfield>
    <subfield code="7">0</subfield>
    <subfield code="9">82184</subfield>
    <subfield code="a">LBB</subfield>
    <subfield code="b">LBB</subfield>
    <subfield code="d">2019-11-01</subfield>
    <subfield code="o">AED KON 2018 B650 Or.1</subfield>
    <subfield code="p">A42293</subfield>
    <subfield code="r">2019-11-01</subfield>
    <subfield code="w">2019-11-01</subfield>
    <subfield code="y">AED</subfield>
  </datafield>
  <datafield tag="952" ind1=" " ind2=" ">
    <subfield code="0">0</subfield>
    <subfield code="1">0</subfield>
    <subfield code="2">ddc</subfield>
    <subfield code="4">0</subfield>
    <subfield code="6">AED_KON_2018_000000000000000_B650_OR_2</subfield>
    <subfield code="7">0</subfield>
    <subfield code="9">82185</subfield>
    <subfield code="a">LBB</subfield>
    <subfield code="b">LBB</subfield>
    <subfield code="d">2019-11-01</subfield>
    <subfield code="o">AED KON 2018 B650 Or.2</subfield>
    <subfield code="p">A42063</subfield>
    <subfield code="r">2019-11-01</subfield>
    <subfield code="w">2019-11-01</subfield>
    <subfield code="y">AED</subfield>
  </datafield>
  <datafield tag="952" ind1=" " ind2=" ">
    <subfield code="0">0</subfield>
    <subfield code="1">0</subfield>
    <subfield code="2">ddc</subfield>
    <subfield code="4">0</subfield>
    <subfield code="6">AED_KON_2018_000000000000000_B650_OR_3</subfield>
    <subfield code="7">0</subfield>
    <subfield code="9">82186</subfield>
    <subfield code="a">LBB</subfield>
    <subfield code="b">LBB</subfield>
    <subfield code="d">2019-11-01</subfield>
    <subfield code="o">AED KON 2018 B650 Or.3</subfield>
    <subfield code="p">A42065</subfield>
    <subfield code="r">2019-11-01</subfield>
    <subfield code="w">2019-11-01</subfield>
    <subfield code="y">AED</subfield>
  </datafield>
  <datafield tag="952" ind1=" " ind2=" ">
    <subfield code="0">0</subfield>
    <subfield code="1">0</subfield>
    <subfield code="2">ddc</subfield>
    <subfield code="4">0</subfield>
    <subfield code="6">AED_KON_2018_000000000000000_B650_OR_5</subfield>
    <subfield code="7">0</subfield>
    <subfield code="9">82187</subfield>
    <subfield code="a">LBB</subfield>
    <subfield code="b">LBB</subfield>
    <subfield code="d">2019-11-01</subfield>
    <subfield code="o">AED KON 2018 B650 Or.5</subfield>
    <subfield code="p">A42140</subfield>
    <subfield code="r">2019-11-01</subfield>
    <subfield code="w">2019-11-01</subfield>
    <subfield code="y">AED</subfield>
  </datafield>
  <datafield tag="952" ind1=" " ind2=" ">
    <subfield code="0">0</subfield>
    <subfield code="1">0</subfield>
    <subfield code="2">ddc</subfield>
    <subfield code="4">0</subfield>
    <subfield code="6">AED_KON_2018_000000000000000_B650_OR_1</subfield>
    <subfield code="7">0</subfield>
    <subfield code="9">82188</subfield>
    <subfield code="a">LBB</subfield>
    <subfield code="b">LBB</subfield>
    <subfield code="d">2019-11-01</subfield>
    <subfield code="o">AED KON 2018 B650 Or.1</subfield>
    <subfield code="r">2019-11-01</subfield>
    <subfield code="w">2019-11-01</subfield>
    <subfield code="y">AED</subfield>
  </datafield>
  <datafield tag="952" ind1=" " ind2=" ">
    <subfield code="0">0</subfield>
    <subfield code="1">0</subfield>
    <subfield code="2">ddc</subfield>
    <subfield code="4">0</subfield>
    <subfield code="6">AED_KON_2018_000000000000000_B650_OR_1</subfield>
    <subfield code="7">0</subfield>
    <subfield code="9">82189</subfield>
    <subfield code="a">LBB</subfield>
    <subfield code="b">LBB</subfield>
    <subfield code="d">2019-11-01</subfield>
    <subfield code="o">AED KON 2018 B650 Or.1</subfield>
    <subfield code="r">2019-11-01</subfield>
    <subfield code="w">2019-11-01</subfield>
    <subfield code="y">AED</subfield>
  </datafield>
</record>
